000 00471nam a2200133 a 4500
001 000042723
005 20201002040340.0
008 140206s2003 dr 000 0 spa d
040 _aDO-SdBNP
_bspa
_cBNPHU
100 1 _aCasals Victoria, Manuel
_970040
245 1 3 _aLa República Dominicana en el año 2003. :
_bprincipales características de la situación nacional /
_cPedro Manuel Casals Victoria.
260 _aSanto Domingo :
_bBúho,
_c2003.
300 _a18 p. ;
_c22 cm.
999 _c42212
_d42212